| 000 | 00875nam a22002177a 4500 | ||
|---|---|---|---|
| 999 |
_c12700 _d12700 |
||
| 003 | AR-CdUCM | ||
| 008 | 190409b ||||| |||| 00| 0 spa d | ||
| 040 |
_aMUNICIPALIDAD PROVINCIAL DEL CUSCO _cBIBLIOTECA MUNICIPAL DEL CUSCO |
||
| 082 |
_a377.29 / _bM66 / 1951 |
||
| 110 |
_aMinisterio de educación publica _96342 |
||
| 245 | _aEducación técnica en el Perú / | ||
| 260 |
_aLima ; _bDirección de educación técnica, _c1951. |
||
| 300 |
_a53 páginas ; _bIlustraciones, _c15 cm. |
||
| 505 | _aContenido: La educación técnica en el Perú -- Ventajas de la educación técnica -- Organización actual -- Estudios, títulos y especialidades ... | ||
| 650 |
_aEducación técnica _95178 |
||
| 650 |
_aDesarrollo industrial _96981 |
||
| 650 |
_aEconomía _9382 |
||
| 710 |
_aDirección de educación técnica _930700 |
||
| 942 |
_2ddc _cLIBROS |
||
| 945 |
_aacv _d2019-04-09 |
||